[Event "Algiers op 4th"]
[Site "Algiers"]
[Date "2016.02.22"]
[Round "2"]
[White "Papin, Vasily"]
[Black "Benabdelaziz, Mohamed"]
[Result "1-0"]
[WhiteElo "2466"]
[BlackElo "2015"]
[PlyCount "61"]
[EventDate "2016.02.21"]
[EventType "swiss"]
[EventRounds "9"]
[EventCountry "ALG"]
[SourceTitle "CBM 171 Extra"]
[Source "ChessBase"]
[SourceDate "2016.04.26"]
[SourceVersion "1"]
[SourceVersionDate "2016.04.26"]
[SourceQuality "1"]

1. d4 d6 2. e4 Nf6 3. Nc3 Nbd7 4. Be3 e5 5. g4 h6 6. f3 Be7 7. Nge2 Nh7 8. Qd2 Ng5 9. Bg2 Ne6 10. 0-0-0 c6 11. Kb1 Qa5 12. d5 Nec5 13. Nc1 Qc7 14. h4 a5 15. f4 f6 16. N3e2 Na6 17. g5 h5 18. Bf3 c5 19. Ng3 g6 20. f5 fxg5 21. hxg5 Nf8 22. fxg6 Nxg6 23. Bxh5 Rg8 24. Bxg6+ Rxg6 25. Rh8+ Bf8 26. Rf1 Qg7 27. Rhxf8+ Qxf8 28. Rxf8+ Kxf8 29. Qh2 Ke7 30. Qh8 Kf7 31. Qh7+ 1-0

[Event "Zeralda Ameyar Memorial 12th"]
[Site "Zeralda"]
[Date "2014.06.21"]
[Round "2"]
[White "Arab, Adlane"]
[Black "Benabdelaziz, Mohamed"]
[Result "1-0"]
[WhiteElo "2430"]
[BlackElo "2072"]
[PlyCount "57"]
[EventDate "2014.06.20"]
[EventType "swiss"]
[EventRounds "9"]
[EventCountry "ALG"]
[SourceTitle "CBM 161 Extra"]
[Source "ChessBase"]
[SourceDate "2014.08.29"]
[SourceVersion "1"]
[SourceVersionDate "2014.08.29"]
[SourceQuality "1"]

1. d4 d5 2. c4 e6 3. Nc3 Nf6 4. Nf3 c6 5. Qd3 Qa5 6. Bd2 Bb4 7. g3 Nbd7 8. Bg2 0-0 9. 0-0 Bxc3 10. Bxc3 Qc7 11. Nd2 e5 12. cxd5 cxd5 13. dxe5 Nxe5 14. Qd4 Nc6 15. Qc5 b6 16. Qb5 a6 17. Qa4 Ne5 18. Rac1 Bd7 19. Qd4 Rfe8 20. Rfe1 Qd6 21. Ne4 Nxe4 22. Bxe4 Qh6 23. Bg2 Rac8 24. Rcd1 Bb5 25. e4 Ng4 26. h3 Ne5 27. exd5 Nd3 28. Rxe8+ Rxe8 29. a4 1-0

[Event "Algiers Ameyar Memorial-B 11th"]
[Site "Algiers"]
[Date "2012.11.20"]
[Round "8"]
[White "Benabdelaziz, Mohamed"]
[Black "Djeddi, Mohamed"]
[Result "0-1"]
[WhiteElo "1508"]
[BlackElo "1804"]
[PlyCount "104"]
[EventDate "2012.11.16"]
[EventType "swiss"]
[EventRounds "9"]
[EventCountry "ALG"]
[SourceTitle "EXT 2019"]
[Source "ChessBase"]
[SourceDate "2018.10.10"]
[SourceVersion "1"]
[SourceVersionDate "2018.10.10"]
[SourceQuality "1"]

1. d4 Nf6 2. c4 e5 3. e3 exd4 4. exd4 Bb4+ 5. Bd2 Qe7+ 6. Qe2 0-0 7. Qxe7 Bxe7 8. Bd3 d5 9. c5 Nc6 10. Ne2 a5 11. a3 Bg4 12. f3 Bh5 13. 0-0 Bg6 14. Bxg6 fxg6 15. Nbc3 Rae8 16. Rfe1 b6 17. cxb6 cxb6 18. Nb5 Rc8 19. Nf4 Kf7 20. Ne6 Rfe8 21. Bc3 Bf8 22. Nbc7 Re7 23. g4 Rcxc7 24. Nxc7 Rxc7 25. Re2 Bd6 26. Rae1 a4 27. Re6 Ne4 28. R6xe4 dxe4 29. fxe4 Na7 30. e5 Bxa3 31. d5 Bc5+ 32. Kg2 Nb5 33. d6 Nxd6 34. exd6 Bxd6 35. Rd1 Bf4 36. Rd4 Be5 37. Rxa4 Bxc3 38. bxc3 Rxc3 39. Rb4 Rc6 40. Re4 b5 41. Re5 Rb6 42. Re3 b4 43. Rb3 Ke6 44. Kf2 Kd5 45. Ke2 Kc4 46. Rb1 Kc3 47. Rc1+ Kb2 48. Rc7 b3 49. Rxg7 h5 50. gxh5 gxh5 51. Rg5 Ka3 52. Rg3 Ka2 0-1